| 000 | 01220 a2200253 4500 | ||
|---|---|---|---|
| 005 | 20080912124643.0 | ||
| 008 | 080912t xxu||||| |||| 00| 0 hin d | ||
| 010 | _aHIN-80745 | ||
| 020 | _c200.00 | ||
| 035 | _aHN-53091 | ||
| 037 | _bD.B.Act / pub | ||
| 082 | _a822 | ||
| 100 | _a(सिन्हा)सिनहा, परेश | ||
| 245 |
_aगाँधी नहीं मरेगाःलघु नाटय संग्रह _cपरेश सिनहा |
||
| 246 |
_aGandhi Nahin Marega _bby Paresh Singh |
||
| 260 |
_aपटना _bविशाल पब्लिकेशंन _c2006 |
||
| 270 |
_aकैलाश मार्केट, दरियापुर,पटना _bपटना _e800004 |
||
| 300 |
_axvii,188पृ _c22 सेमी (सजिल्द) |
||
| 500 | _aशीर्षक जयनायक कर्पूरी ठाकुर का Same ISBN N 8189327283 | ||
| 650 | _aहिन्दी नाटक | ||
| 650 | _aHindi Play | ||
| 942 |
_adpl _cHN _k822 / सिनहा _2ddc _h822 _m सिनहा |
||
| 999 |
_c6992 _d6992 |
||